| 000 | 01180cam a2200313 a 4500 | ||
|---|---|---|---|
| 999 |
_c127929 _d127929 |
||
| 001 | 1042062 | ||
| 003 | ARRUPE | ||
| 005 | 20180413092000.0 | ||
| 008 | 890501s1987 fr af b 001 0 fre | ||
| 010 | _a 89137385 | ||
| 020 |
_a2852650118 : _c204.50F |
||
| 040 |
_aDLC _cDLC _dDLC |
||
| 043 | _af-ml--- | ||
| 050 | 0 | 0 |
_aGN652.D6 _bC3 |
| 082 | 0 | 0 |
_a306/.089/9635 _220 |
| 100 | 2 |
_aCalame-Griaule, Geneviève. _941508 |
|
| 245 | 1 | 0 |
_aEthnologie et langage : _bla parole chez les Dogon / _cGeneviève Calame-Griaule. |
| 250 | _a2e éd. augm. d'une postface de l'auteur. | ||
| 260 |
_aParis : _bGallimard, _c1965. |
||
| 300 |
_a589p. ; _bill. ; _c23 cm. |
||
| 504 | _aIncludes bibliographies and indexes. | ||
| 650 | 0 |
_aDogon (African people) _941509 |
|
| 650 | 0 |
_aLanguage _xPsychology _941510 |
|
| 906 |
_a7 _bcbc _corignew _d4 _encip _f19 _gy-gencatlg |
||
| 942 |
_2lcc _cMONOGRAPH |
||